| 000 | 00924nam a2200241 a 4500 | ||
|---|---|---|---|
| 001 | 000005397 | ||
| 005 | 20200929151651.0 | ||
| 008 | 090819s1982 sp 000 0 eng d | ||
| 020 | _a843008374X | ||
| 040 |
_aDO-SdBNP _beng _cBNPHU |
||
| 082 |
_aR016.88 _bF137r |
||
| 100 | 1 |
_aFacal, Javier L. _915312 |
|
| 245 | 1 | 0 |
_aRepertorium litterarum graecarum : _bex codicibus, papyris, epigraphis. / _cJavier L. Facal, Aníbal González ; colaboración Theodore F. Brunner, Luci Berkowitz, Karl Squetier,. |
| 260 |
_aMadrid, España : _bInstituto Antonio de Nebrija del CSIC, _c1982. |
||
| 300 |
_a411 p. ; _c22 cm. |
||
| 650 | 4 |
_aLiteratura griega _xBibliografías _915313 |
|
| 650 | 4 |
_aManuscritos griegos _xBibliografías _915314 |
|
| 650 | 4 |
_aInscripciones griegas _915315 |
|
| 700 | 1 |
_aGonzález, Aníbal _915316 |
|
| 700 | 1 |
_aBrunner, Theodore F. _915317 |
|
| 700 | 1 |
_aBerkowitz, Luci _915318 |
|
| 700 | 1 |
_aSquetier, karl _915319 |
|
| 999 |
_c5197 _d5197 |
||